NBA 2017 Represented Countries - Statistics

General Stats
  • This quiz has been taken 636 times
    627 since last reset
  • The average score is 19 of 42
Answer Stats
Rank Country Players % % Correct
1 United States 334 74.22%
99%
3 Canada 11 2.44%
90%
2 France 11 2.44%
86%
4 Spain 10 2.22%
85%
11 Germany 3 0.67%
78%
6 Australia 6 1.33%
74%
5 Brazil 9 2.00%
72%
8 Argentina 4 0.89%
71%
37 Russia 1 0.22%
69%
38 United Kingdom 1 0.22%
66%
10 Serbia 3 0.67%
65%
19 Italy 2 0.44%
64%
14 Greece 3 0.67%
56%
16 Nigeria 3 0.67%
53%
15 Slovenia 3 0.67%
53%
7 Croatia 6 1.33%
50%
24 Latvia 2 0.44%
50%
27 New Zealand 1 0.22%
47%
12 Turkey 3 0.67%
46%
41 Poland 1 0.22%
45%
9 Lithuania 4 0.89%
43%
20 Democratic Republic of the Congo 2 0.44%
41%
30 Sweden 1 0.22%
41%
28 Austria 1 0.22%
36%
22 Switzerland 2 0.44%
36%
29 Dominican Republic 1 0.22%
34%
23 Ukraine 2 0.44%
34%
21 Bosnia 2 0.44%
33%
13 Cameroon 3 0.67%
33%
42 Czech Republic 1 0.22%
28%
18 Montenegro 2 0.44%
26%
17 Senegal 2 0.44%
24%
33 Israel 1 0.22%
22%
36 Bahamas 1 0.22%
21%
25 Venezuela 1 0.22%
20%
40 Puerto Rico 1 0.22%
17%
34 Haiti 1 0.22%
16%
32 Georgia 1 0.22%
15%
39 Tunisia 1 0.22%
13%
31 South Sudan 1 0.22%
12%
35 Mali 1 0.22%
8%
26 Cape Verde 1 0.22%
1%
No matching quizzes found
Score Distribution
Percent of People with Each Score
Percentile by Number Answered
Your Score History
You have not taken this quiz since the last reset